000 00972nam a2200253Ia 4500
003 OSt
005 20220923211631.0
006 a|||||r|||| 00| 0
007 ta
008 220922b |||||||| |||| 00| 0 hin d
024 _a35,386
037 _cTextual
040 _aARTS
_cARTS
_bhin
041 _2hin
_ahin
082 _aO152,3:g(S), K0
100 _aशर्मा 'विकल', ब्रह्मनारायण
_9161139
245 0 _aहिन्दी उपन्यासों का मनोवैज्ञानिक मूल्यांकन
246 _aHindī upanyāsoan kā hinovaijnyānik mūlyāankana
260 _aलखनऊ
_b नवयुग ग्रंथागार
_c1960
300 _a216पृ.
_ccm.
650 _aहिन्दी साहित्य
_9156264
942 _hO152,3:g(S), K0
_cTEXL
_2CC
999 _c301808
_d301808